Statystyki dla Sześć Najbliższych Krajów - Australia

Kliknij tutaj aby rozwiązać quiz!

Ogólne statystyki

  • Ten quiz został rozwiązany 22 razy
  • Średni wynik to 4 z 6

Statystyki odpowiedzi

kmPaństwa% Poprawnych
1303Nowa Zelandia
100%
4Papua-Nowa Gwinea
82%
123Indonezja
65%
461Timor Wschodni
41%
1744Vanuatu
41%
1391Wyspy Salomona
41%

Rozkład punktacji

Percentyl według liczby udzielonych odpowiedzi

Procent ludzi z każdym wynikiem

Twoja historia wyników

Nie rozwiązałeś tego quizu